| 000 | 01264nam a22003611i 4500 | ||
|---|---|---|---|
| 999 |
_c29511 _d29482 |
||
| 001 | 016453830 | ||
| 003 | EG-ScBUE | ||
| 005 | 20210927110114.0 | ||
| 008 | 130607t2014 mau f 000 0 eng d | ||
| 020 | _a9781133942184 (pbk.) | ||
| 020 | _a9781133317067 (international student edition) | ||
| 020 | _a9781133316862 (U.S. edition) | ||
| 040 |
_aStDuBDS _beng _erda _cStDuBDS _dUk _dEG-ScBUE |
||
| 082 | 0 | 4 |
_a428.24 _bBLA _222 |
| 100 | 1 |
_aBlass, Laurie, _d1952- _eauthor. |
|
| 245 | 1 | 0 |
_aPathways : _breading, writing, and critical thinking. _n4 / _cLaurie Blass, Mari Vargo, Keith S. Folse, series consultant. |
| 264 | 1 |
_aBoston, USA : _bHeinle-Cengage, _c[2014] |
|
| 264 | 4 | _cc2014 | |
| 300 |
_axvi, 256 pages ; _c25 cm |
||
| 336 |
_atext _2rdacontent _btxt |
||
| 337 |
_aunmediated _2rdamedia _bn |
||
| 338 |
_avolume _2rdacarrier _bnc |
||
| 500 |
_aFormerly CIP. _5Uk |
||
| 650 | 7 |
_aEnglish language _vTextbooks for foreign speakers. _2BUEsh |
|
| 650 | 7 |
_aReading (Higher education) _2BUEsh |
|
| 650 | 7 |
_aAcademic writing. _2BUEsh |
|
| 650 | 7 |
_aCritical thinking. _2BUEsh |
|
| 653 |
_bHHUUEENN _cSeptember2021 |
||
| 655 |
_vReading book _934232 |
||
| 700 | 1 |
_aVargo, Mari, _eauthor. _936085 |
|
| 700 | 1 |
_aFolse, Keith S., _eauthor. _912629 |
|
| 942 |
_2ddc _cBB |
||